000 00793nam a2200253 a 4500
001 981281
003 ARRUPE
005 20170207161549.0
008 851105s1984 enka b 000 0 eng
010 _a 85225275
020 _a0855980699 (pbk.) :
_c£2.99
040 _aDLC
_cDLC
_dDLC
043 _aa-ii---
050 0 0 _aHQ1742
_b.M79 1985
082 0 0 _a305.4/2/0954
_219
100 1 _aMukhopadhyay, Maitrayee.
_928595
245 1 0 _aSilver shackles :
_bwomen and development in India /
_cby Maitrayee Mukhopadhyay.
260 _aOxford :
_bOxfam,
_c1984
_g(1985 printing)
300 _a100 p. :
_bill. ;
_c21 cm.
504 _aBibliography: p. 95.
650 0 _aWomen
_zIndia
_xSocial conditions.
_928596
906 _a7
_bcbc
_corignew
_d3
_encip
_f19
_gy-gencatlg
942 _2lcc
_cMONOGRAPH
999 _c126047
_d126047